|
|
|
|
| LEADER |
00000nam0a2200000 4500 |
| 001 |
366375 |
| 005 |
20231102011857.0 |
| 035 |
|
|
|a (RuTPU)RU\TPU\retro\23738
|
| 035 |
|
|
|a RU\TPU\retro\23737
|
| 090 |
|
|
|a 366375
|
| 100 |
|
|
|a 20220207d1914 km y0rusy50 ca
|
| 101 |
1 |
|
|a rus
|c ger
|
| 102 |
|
|
|a RU
|
| 105 |
|
|
|a a z 001zy
|
| 200 |
1 |
|
|a Водяные турбины
|h Т. 2
|i Реактивные турбины. Гидротехнические сооружения
|e с 102 фигурами
|f П. Голль
|g пер. с нем. А. Н. Арделя ; под ред. А. Е. Белого
|
| 210 |
|
|
|a Рига
|c Наука и жизнь
|d 1914
|
| 215 |
|
|
|a 175 с.
|c ил.
|
| 225 |
1 |
|
|a Русское издание "Sammlung Goschen"
|
| 300 |
|
|
|a Текст в русской дореформенной орфографии
|
| 316 |
|
|
|5 63413507: 37//165
|a На титульном листе надпись: «Заказ проф. Пинегина»
|
| 316 |
|
|
|5 63413507: 37//165
|a На титульном листе штамп: «Единственный представитель для всей России. Книгоиздательство К. Г. Зихмана в Риге, Колодезная улица №5/7»
|
| 320 |
|
|
|a Алф. указ.: с. 170-172
|
| 320 |
|
|
|a Библиогр.: с. 173-175
|
| 606 |
1 |
|
|a Водяные турбины
|2 stltpush
|3 (RuTPU)RU\TPU\subj\3231
|9 31680
|
| 610 |
1 |
|
|a гидравлические сооружения
|
| 610 |
1 |
|
|a турбина Фрэнсиса
|
| 610 |
1 |
|
|a проектирование
|
| 610 |
1 |
|
|a устройство
|
| 610 |
1 |
|
|a эксплуатация
|
| 610 |
1 |
|
|a реактивные турбины
|
| 610 |
1 |
|
|a Заказ профессора Пинегина В. Н.
|
| 675 |
|
|
|a 621.224
|v 3
|
| 700 |
|
1 |
|a Голль
|b П.
|
| 702 |
|
1 |
|a Ардель
|b А. Н.
|4 730
|
| 702 |
|
1 |
|a Белый
|b А. Е.
|4 340
|
| 801 |
|
1 |
|a RU
|b 63413507
|c 20121201
|
| 801 |
|
2 |
|a RU
|b 63413507
|c 20220207
|g RCR
|
| 942 |
|
|
|c BK
|